000 00446nam a2200169Ia 4500
008 180921t2019 xxu||||| |||| 00| 1 sin d
041 _asin
080 _aX8C31
_bRAN
100 _aRanathunga, Chiranji
245 _aඉකිබිඳින පන්හිඳ
246 _aIkibindina Panhinda
260 _bThara Prakashana
_aRagama
_c2019
300 _a232p., 19cm
942 _cBK
999 _c7700
_d7700
003 LK-CoDNM
040 _aLK-CoDNM
_dLK-CoDNM
_eLK-CoDNM